| 000 | 00337nam a2200121Ia 4500 | ||
|---|---|---|---|
| 008 | 220216s9999 xx 000 0 und d | ||
| 245 | 0 | _aSome developments in rubber conveyor belting Part I - Passenger conveyors | |
| 260 |
_bRubber Developments _c1959 |
||
| 300 | _a34-36 | ||
| 650 | _aConveyor belting | ||
| 650 | _aRubber | ||
| 942 | _cJS | ||
| 999 |
_c68955 _d68955 |
||